Utopía y realidad indiana
Αποθηκεύτηκε σε:
| Κύριοι συγγραφείς: | , , , , , , |
|---|---|
| Μορφή: | Βιβλίο |
| Γλώσσα: | Ισπανικά |
| Έκδοση: |
Salamanca
Universidad Pontificia de Salamanca
1992
|
| Σειρά: | Cátedra V Centenario
|
| Θέματα: | |
| Ετικέτες: |
Προσθήκη ετικέτας
Δεν υπάρχουν, Καταχωρήστε ετικέτα πρώτοι!
|
MARC
| LEADER | 00000nam a2200000 a 4500 | ||
|---|---|---|---|
| 001 | UCL0465 | ||
| 003 | CL-VaPUC | ||
| 008 | 030718e19920000SP |||||||||||||||||spa|d | ||
| 020 | |a 8472992861 | ||
| 082 | 0 | 4 | |a 980 |b PER |2 21 |
| 100 | 0 | |a Pereña Vicente, Luciano |e author |9 477156 | |
| 700 | 0 | |a Pérez-Prendes y Muñoz de Arracó, José Manuel |e author |9 477157 | |
| 700 | 0 | |a Baciero González, Carlos |e author |9 477158 | |
| 700 | |a García y García, Antonio |e author |9 620175 | ||
| 700 | 0 | |a Resines Llorente, Luis |e author |9 477160 | |
| 700 | 0 | |a Borges Morán, Pedro |e author |9 477161 | |
| 700 | 0 | |a Cuesta Domínguez, Mariano |e author |9 477162 | |
| 245 | 1 | 0 | |a Utopía y realidad indiana |
| 300 | |a 237 p | ||
| 942 | |c BK | ||
| 945 | |d 20030718 00:00:00 |a cmena | ||
| 260 | |a Salamanca |b Universidad Pontificia de Salamanca |c 1992 | ||
| 650 | 0 | |a Historia de América |9 266076 | |
| 583 | |a last modification |c 20190722 10:48:16 |k Rodrigo Vera | ||
| 490 | 0 | |a Cátedra V Centenario | |
| 999 | |c 304333 |d 304331 | ||
| 952 | |0 0 |1 0 |4 0 |6 980_000000000000000_PER_1992 |7 0 |8 DER_HDC |9 366356 |a BIBDER |b BIBDER |d 2019-11-21 |i 3922901 |o 980 PER 1992 |p 3922901 |r 2023-01-25 |w 2019-11-21 |x Ubicación 4to Piso |y BK |z Estos recursos deben solicitarse con anticipación |k DER | ||